| 000 | 00425nam a2200157 a 4500 | ||
|---|---|---|---|
| 005 | 20141022142008.0 | ||
| 008 | 120228s19uu xx 00 eng d | ||
| 050 |
_aCD-ROM _bR73 2005 |
||
| 100 | _aRoss, Stephen | ||
| 245 |
_aCorporate finance / _cStephen Ross, Randolph Westerfield, Jeffrey Jaffe. |
||
| 250 | _a7th ed. | ||
| 260 | _c2005. | ||
| 700 | _aWesterfield, Randolph | ||
| 700 | _aJaffe, Jeffrey | ||
| 942 | _cAVM | ||
| 999 |
_c276607 _d276607 |
||